| 000 | 01141nam a2200313 i 4500 | ||
|---|---|---|---|
| 003 | EG-GICUC | ||
| 005 | 20260504083430.0 | ||
| 008 | 260504s1984 ua |||fr|||| 00| 0 ara d | ||
| 017 | _a1984/3098 | ||
| 020 | _a9770103462 | ||
| 040 |
_a EG-GICUC _bara _c EG-GICUC _d EG-GICUC _erda |
||
| 082 | 0 | 4 |
_221 _a345.2 _bم ح . ت |
| 092 | 0 | 4 | _221 |
| 099 | _aLaw1 07 345.2 م ح . ت 1984 | ||
| 100 |
_aمحمد محمد جاهين _eمؤلف. |
||
| 245 | 1 | 2 |
_aالتنظيمات الادارية في الاسلام / _cمحمد محمد جاهين. |
| 264 | 1 |
_aالقاهرة : _bالهيئة المصرية العامة للكتاب، _c1984. |
|
| 300 |
_a177 ؛ صفحة _c24 سم |
||
| 336 |
_2rda content _atext |
||
| 337 |
_2rda media _aComputer |
||
| 338 |
_2rda carrier _aOnline Resource |
||
| 504 | _a ببليوجرافيا: صفحات. 169-170-171-172-173-174-175-176. | ||
| 504 | _aيشتمل علي ارجاعات ببليوجرافية | ||
| 650 | 1 | 4 |
_aالتنظيم الإداري _2qrmak |
| 651 | 1 | _2qrmak | |
| 856 | 4 | 0 | _uhttps://fll.law.cu.edu.eg/fulltext/bks/B07-04853.pdf |
| 905 | _a161 | ||
| 942 |
_2ddc _cBK _e21 _n0 |
||
| 999 |
_c75418 _d75418 |
||